| 000 | 00338nam a22001457a 4500 | ||
|---|---|---|---|
| 003 | SGT | ||
| 020 | _a9781848290730 | ||
| 082 |
_a617.643 _bO15R |
||
| 100 | _a Rossi, Massimo | ||
| 245 | _aOrthodontics in Clinical Practice | ||
| 260 |
_aNEW DELHI _bANSHAN PUBLISHER _c2015 |
||
| 300 | _a278 | ||
| 650 | _aORTHODONTICS | ||
| 942 |
_2ddc _cBK |
||
| 999 |
_c20824 _d20824 |
||